[Event "It \"]
[Site "masterchessopen.com Uxbridge (England)"]
[Date "2010.02.16"]
[Round "7"]
[White "Thomassen Thomas (NOR)"]
[Black "Peat Matthew (ENG)"]
[Result "1-0"]
[WhiteElo "2048"]
[BlackElo "2059"]

1.c4 g6 2.g3 Bg7 3.Bg2 Nf6 4.Nc3 O-O 5.d4 d6 6.Nf3 Nbd7 7.O-O e5 8.e4 c6 9.b3
exd4 10.Nxd4 Re8 11.Bb2 Nc5 12.Re1 Ng4 13.Qd2 Ne5 14.Re3 Qf6 15.Rd1 Bg4 16.Rf1
Ned3 17.Ba1 Bh6 18.f4 Bg7 19.Nce2 a5 20.Nf5 Qxa1 21.Rxa1 Bxa1 22.Nh6+ {#r} 1-0

[Event "Ch Poland (juniors) (under 18)"]
[Site "masterchessopen.com Karpacz (Poland)"]
[Date "2010.03.12"]
[Round "9"]
[White "Miszczak Mateusz (POL)"]
[Black "Matuszczyk Przemyslaw (POL)"]
[Result "1-0"]
[WhiteElo "1905"]
[BlackElo "2049"]

1.d4 Nf6 2.c4 d6 3.Nf3 Nbd7 4.Nc3 g6 5.g3 Bg7 6.Bg2 O-O 7.O-O e5 8.e4 c6 9.Re1
h6 10.h3 Re8 11.Be3 Qc7 12.Qc2 exd4 13.Nxd4 Nc5 14.f4 a5 15.Kh2 Nfd7 16.b3 Nf8
17.a3 Nce6 18.Nxe6 Nxe6 19.b4 axb4 20.axb4 Rxa1 21.Rxa1 Nd4 22.Qd3 Ne2 23.Bd2
Nd4 24.Be3 Ne6 25.Rd1 g5 26.f5 Nf8 27.Bd4 Be5 28.Bxe5 dxe5 29.c5 Kg7 30.Na4
Nd7 31.Qd6 Qxd6 32.Rxd6 Re7 33.Nb6 Nxb6 34.f6+ Kf8 35.fxe7+ Kxe7 36.Rxh6 Nc4
37.Rh8 Be6 38.Rb8 {#r} 1-0

[Event "Ch Estonia"]
[Site "masterchessopen.com Tartu (Estonia)"]
[Date "2010.03.28"]
[Round "2"]
[White "Seeman Tarvo (EST)"]
[Black "Vorobjov Pavel (EST)"]
[Result "1-0"]
[WhiteElo "2420"]
[BlackElo "2136"]

1.Nf3 Nf6 2.g3 g6 3.Bg2 Bg7 4.O-O O-O 5.c4 d6 6.Nc3 e5 7.d4 Nbd7 8.e4 exd4
9.Nxd4 Re8 10.h3 Nc5 11.Re1 a5 12.Ndb5 Nfd7 13.Be3 a4 14.Qc2 Nb6 15.Rad1 Bd7
16.b4 axb3 17.axb3 Qc8 18.Kh2 Bc6 19.b4 Nca4 20.Nxa4 Nxa4 21.Na7 Qe6 22.b5 Nc5
23.bxc6 Rxa7 24.e5 Ra4 25.exd6 Rxc4 26.Qa2 Ne4 27.d7 Rd8 28.Bg5 {#r} 1-0

[Event "Ch Uzbekistan"]
[Site "masterchessopen.com Tashkent (Uzbekistan)"]
[Round "8"]
[White "Barsov Alexei (UZB)"]
[Black "Niyazmetov R (UZB)"]
[Result "1-0"]
[WhiteElo "2509"]
[BlackElo "2235"]

1.d4 Nf6 2.Nf3 g6 3.c4 Bg7 4.g3 O-O 5.Bg2 d6 6.O-O Nbd7 7.Nc3 e5 8.e4 exd4
9.Nxd4 Re8 10.Re1 Nc5 11.h3 a5 12.Ndb5 Bd7 13.Bf4 h6 14.Nxc7 Qxc7 15.Bxd6 Qc8
16.e5 Nh5 17.Nd5 Bxh3 18.Nb6 Qf5 19.Bxc5 Bxg2 20.Kxg2 Rad8 21.Nd5 Kh7 22.Bb6
Rc8 23.f4 Rxc4 24.Ne3 Qe4+ 25.Qf3 Qxf3+ 26.Kxf3 Rb4 27.Nd5 Rxb2 28.g4 Nxf4
29.Kxf4 g5+ 30.Kf5 Rb5 31.Rad1 Rc8 32.Bg1 Rc4 33.Re4 Rc2 34.Nf6+ Bxf6 35.Kxf6
{#r} 1-0

[Event "Cup Serbia (team)"]
[Site "masterchessopen.com Kragujevac (Serbia)"]
[Date "2010.05.22"]
[Round "5"]
[White "Pecelj Nedeljko (SRB)"]
[Black "Milosevic Aleksandar (SRB)"]
[Result "0-1"]
[WhiteElo "2147"]
[BlackElo "2254"]

1.d4 Nf6 2.Nf3 g6 3.c4 Bg7 4.g3 O-O 5.Bg2 d6 6.O-O Nbd7 7.Nc3 e5 8.e4 c6 9.b3
Re8 10.Bb2 exd4 11.Nxd4 Nc5 12.Qc2 Qb6 13.Rad1 Bg4 14.Rd2 Rad8 15.h3 Bc8
16.Kh2 a5 17.Rfd1 h5 18.Nde2 Qc7 19.a3 Qe7 20.Nf4 h4 21.b4 axb4 22.axb4 hxg3+
23.fxg3 Ne6 24.Re2 Nxf4 25.gxf4 Nh5 26.Rf2 Qh4 27.Rdf1 Bxh3 28.Qd3 Bxg2+
29.Kxg2 Qg4+ 30.Kh2 Nf6 31.Rg2 Qh4+ 32.Kg1 Nh5 33.Qf3 Bd4+ 34.Rff2 Qxf4
35.Qxh5 Qxf2+ 36.Rxf2 gxh5 37.Nd1 Bxf2+ {#R} 0-1

[Event "Cup Anatoly Ermak (open)"]
[Site "masterchessopen.com Zaporozhje (Ukraine)"]
[Date "2010.06.24"]
[Round "3"]
[White "Melnikov Vladimir (RUS)"]
[Black "Koval V (UKR)"]
[Result "0-1"]
[WhiteElo "2172"]
[BlackElo "2270"]

1.d4 Nf6 2.c4 g6 3.Nf3 Bg7 4.g3 O-O 5.Bg2 d6 6.Nc3 Nbd7 7.O-O e5 8.e4 c6
9.dxe5 Nxe5 10.Nxe5 dxe5 11.Bg5 Be6 12.b3 Qe7 13.Qf3 h6 14.Bc1 Rfd8 15.a4 Bg4
16.Qe3 Qb4 17.Na2 Qd6 18.Bb2 Nh7 19.f3 Be6 20.Rfd1 Qxd1+ 21.Rxd1 Rxd1+ 22.Kf2
Rad8 23.Bc3 b6 24.Bf1 Bf8 25.b4 Rxf1+ 26.Kxf1 Bxc4+ 27.Kg2 Bxa2 28.a5 c5
29.bxc5 Bxc5 30.Qxh6 Rd1 31.Bxe5 Rg1+ 32.Kh3 Be6+ 33.g4 Bf8 34.Qe3 Bc5 35.Qd2
f6 36.Bf4 f5 37.Qd8+ Kf7 38.exf5 gxf5 39.g5 Be7 40.Qc7 Nxg5+ 41.Kh4 Ne4+
42.Kh5 Nf6+ {#R} 0-1

[Event "Tournament (open)"]
[Site "masterchessopen.com Berdsk (Russia)"]
[Date "2010.07.12"]
[Round "5"]
[White "Ponomarenko Natalia (RUS)"]
[Black "Toder Alexander (RUS)"]
[Result "0-1"]
[WhiteElo "1926"]
[BlackElo "2067"]

1.d4 Nf6 2.Nf3 d6 3.c4 g6 4.Nc3 Bg7 5.g3 O-O 6.Bg2 Nbd7 7.O-O e5 8.e4 c6 9.b3
exd4 10.Nxd4 Re8 11.Bb2 Nc5 12.Re1 a5 13.a4 Qb6 14.Qc2 Bg4 15.h3 Bd7 16.Rad1
Rad8 17.Ba3 Bc8 18.Na2 h5 19.b4 axb4 20.Bxb4 Ncd7 21.Qd2 Qa6 22.Ba5 Nb6
23.Bxb6 Qxb6 24.a5 Qc7 25.Qb4 Re7 26.Qc3 Re5 27.Nb3 Kh8 28.a6 d5 29.cxd5 cxd5
30.exd5 Nxd5 {#R} 0-1

[Event "It (cat.3)"]
[Site "masterchessopen.com Szombathely (Hungary)"]
[Date "2010.08.02"]
[Round "7"]
[White "Goczo Melinda (HUN)"]
[Black "Tesik Csaba (HUN)"]
[Result "0-1"]
[WhiteElo "2206"]
[BlackElo "2258"]

1.d4 Nf6 2.c4 g6 3.Nf3 Bg7 4.Nc3 O-O 5.g3 d6 6.Bg2 Nbd7 7.O-O e5 8.e4 c6 9.Rb1
a5 10.h3 Re8 11.Be3 exd4 12.Nxd4 Nc5 13.Qc2 Qe7 14.Rfe1 Nfxe4 15.Nxe4 Nxe4
16.Bxe4 Qxe4 17.Bd2 Bf5 18.Rxe4 Bxe4 19.Qd1 Bxb1 20.Qxb1 Bxd4 21.Kf1 a4 22.Qc2
Re6 23.Bc3 Bxc3 24.Qxc3 d5 25.cxd5 cxd5 26.Qb4 Rd8 27.Qxa4 d4 28.Qa5 b6 29.Qg5
f6 30.Qg4 Re7 31.Qd1 d3 32.Qb3+ Kg7 33.Qa3 Red7 {#R} 0-1

[Event "Memorial Georgiev-Kesarovski (open)"]
[Site "masterchessopen.com Sunny Beach (Bulgaria)"]
[Date "2010.09.01"]
[Round "5"]
[White "Hristov Petar (BUL)"]
[Black "Sirpas Argiris (GRE)"]
[Result "0-1"]
[WhiteElo "2018"]
[BlackElo "1825"]

1.Nf3 Nf6 2.c4 g6 3.g3 Bg7 4.Bg2 d6 5.d4 O-O 6.O-O Nbd7 7.Nc3 e5 8.e4 c6 9.b3
Qa5 10.Bb2 h6 11.Qc2 Nh7 12.Ne2 Re8 13.a3 Ndf8 14.b4 Qc7 15.c5 dxc5 16.bxc5
exd4 17.Nexd4 Nf6 18.Nd2 Ne6 19.Rfe1 Nxd4 20.Bxd4 Be6 21.f4 Rad8 22.Bc3 b6
23.Qb2 Qe7 24.cxb6 Qc5+ 25.Kh1 Ng4 26.Nb1 Nf2+ {#R} 0-1

[Event "Ch Romania (team)"]
[Site "masterchessopen.com Baile Herculane (Romania)"]
[Date "2010.09.11"]
[Round "8"]
[White "Chifor Emanuel-Ovidiu"]
[Black "Dragomirescu Robin (ROM)"]
[Result "0-1"]
[WhiteElo "2266"]
[BlackElo "2423"]

1.d4 Nf6 2.c4 g6 3.Nf3 Bg7 4.g3 O-O 5.Bg2 d6 6.O-O Nbd7 7.Nc3 e5 8.e4 c6 9.Re1
Qb6 10.dxe5 Ng4 11.Qc2 Ndxe5 12.Nxe5 Nxe5 13.b3 Bg4 14.Bf4 Qa5 15.Re3 g5
16.Bxe5 Qxe5 17.h3 Be6 18.Rd1 Rad8 19.Nd5 cxd5 20.exd5 Bf5 21.Qe2 Qf6 22.Rf3
Rfe8 23.Qd2 Qg6 24.Re3 Bd7 25.Rde1 b6 26.a4 Rxe3 27.Rxe3 Re8 28.a5 Kf8 29.axb6
axb6 30.Rxe8+ Bxe8 31.Qe3 Qb1+ 32.Kh2 Qc2 33.Qxb6 Be5 34.Qe3 Qb2 35.Qxg5 Qxf2
36.h4 f6 37.Qg4 Bh5 38.Qxh5 Qxg3+ 39.Kg1 Bd4+ 40.Kh1 Qe1+ {#R} 0-1

[Event "It (open)"]
[Site "masterchessopen.com Yuzhny (Ukraine)"]
[Date "2010.09.12"]
[Round "9"]
[White "Dzupin Dmitry (UKR)"]
[Black "Nesteretz Anatoliy (UKR)"]
[Result "0-1"]
[WhiteElo "2251"]
[BlackElo "2421"]

1.d4 Nf6 2.Nf3 g6 3.g3 Bg7 4.Bg2 O-O 5.O-O d6 6.c4 Nbd7 7.Nc3 e5 8.e4 c6
9.dxe5 dxe5 10.Qc2 Ne8 11.Rd1 Qe7 12.b3 Nc7 13.a4 a5 14.Ba3 Nc5 15.Ne1 b6
16.Nd3 N7a6 17.Rab1 Bg4 18.f3 Be6 19.Na2 Rfc8 20.b4 Nxd3 21.Rxd3 axb4 22.Nxb4
Nc5 23.Na2 Bf8 {#R} 0-1

[Event "Ch Moscow (active)"]
[Site "masterchessopen.com Moscow (Russia)"]
[Date "2010.10.03"]
[Round "2"]
[White "Gagarin Vasilij (RUS)"]
[Black "Vorobiov Evgeny E (RUS)"]
[Result "0-1"]
[WhiteElo "2425"]
[BlackElo "2565"]

1.d4 Nf6 2.c4 d6 3.Nf3 g6 4.g3 Bg7 5.Bg2 O-O 6.O-O Nbd7 7.Nc3 e5 8.e4 c6 9.Re1
Qa5 10.Rb1 exd4 11.Nxd4 Ne5 12.b4 Qc7 13.c5 dxc5 14.bxc5 Rd8 15.Qa4 Nd3 16.Rd1
Nxe4 17.Nxe4 Rxd4 18.Qc2 Nxc1 19.Rxd4 Bxd4 20.Qxc1 Bf5 21.Rb4 Rd8 22.Rxd4 Rxd4
23.Nf6+ Kf8 24.Qh6+ Ke7 25.Qe3+ Kxf6 26.Qxd4+ Qe5 27.Qc4 Be6 28.Qb4 Qa1+
29.Bf1 Bxa2 30.Qa3 Qb1 31.Qc3+ Ke7 32.Qe5+ Be6 33.Qd6+ Ke8 34.Qb8+ Kd7 35.Qd6+
Ke8 36.Qb8+ Ke7 37.Qd6+ Kf6 38.h4 Qe4 39.Bd3 Qe1+ 40.Kg2 Qe5 41.Qd8+ Kg7 42.h5
Qd5+ {#R} 0-1

[Event "Memorial M.Chigorin (open)"]
[Site "masterchessopen.com St. Petersburg (Russia)"]
[Date "2010.10.28"]
[Round "1"]
[White "Stefansson Hlifar"]
[Black "Mirzoeva Elmira (RUS)"]
[Result "1-0"]
[WhiteElo "2585"]
[BlackElo "2239"]

1.c4 Nf6 2.Nf3 g6 3.Nc3 Bg7 4.g3 O-O 5.Bg2 d6 6.d4 Nbd7 7.O-O e5 8.e4 c6 9.b3
exd4 10.Nxd4 Re8 11.h3 Nc5 12.Re1 Qa5 13.Bb2 Qb6 14.Rb1 a5 15.Ba1 Bd7 16.Kh2
Re7 17.Nc2 Qc7 18.Ne3 Rae8 19.Nb5 Qb8 20.Nxd6 Rd8 21.e5 Ne8 22.f4 Be6 23.Bd4
Nxd6 24.Bxc5 Nf5 25.Nxf5 Rxd1 26.Nxe7+ Kh8 27.Rbxd1 Bf8 28.Bd6 Qe8 29.Nd5 cxd5
30.cxd5 Bd7 31.Bxf8 Qxf8 32.e6 Qd6 33.exd7 Qxd7 34.d6 Kg7 35.Re7 Qb5 36.d7
{#r} 1-0

[Event "Czech League 2010/11 (krajsky prebor)"]
[Site "masterchessopen.com Czech Republic"]
[Date "2010.11.14"]
[Round "0"]
[White "Seget Milan"]
[Black "Skaroupka Jiri (CZE)"]
[Result "0-1"]
[WhiteElo "2121"]
[BlackElo "2137"]

1.d4 Nf6 2.Nf3 g6 3.g3 Bg7 4.Bg2 O-O 5.O-O d6 6.c4 Nbd7 7.Nc3 e5 8.e4 c6 9.b3
exd4 10.Nxd4 Re8 11.Bb2 Nc5 12.Re1 a5 13.h3 Qb6 14.Kh2 a4 15.Rb1 axb3 16.axb3
h5 17.h4 Ng4+ 18.Kg1 Nxb3 19.Nxb3 Qxf2+ {#R} 0-1

[Event "Ch Israel"]
[Site "masterchessopen.com Haifa (Israel)"]
[Date "2010.11.14"]
[Round "5"]
[White "Kantarji Pinchas (ISR)"]
[Black "Birnboim Nathan (ISR)"]
[Result "1-0"]
[WhiteElo "2361"]
[BlackElo "2371"]

1.d4 Nf6 2.Nf3 g6 3.g3 Bg7 4.Bg2 O-O 5.O-O d6 6.c4 Nbd7 7.Nc3 e5 8.e4 c6 9.Re1
a6 10.h3 Qe7 11.b3 b5 12.Ba3 Ne8 13.Rc1 Rb8 14.Nb1 b4 15.Bb2 c5 16.d5 Bh6
17.Rc2 Ng7 18.Nh2 f5 19.f4 g5 20.fxe5 Nxe5 21.exf5 Nxf5 22.Ng4 Bg7 23.Nxe5
dxe5 24.Rce2 Nxg3 25.Rxe5 Qf6 26.Qd2 h6 27.h4 gxh4 28.Re8 Qg5 29.Bxg7 Kxg7
30.Qb2+ Qf6 31.R1e7+ Kg6 32.Qxf6+ Kxf6 33.Rxf8+ Kxe7 34.Rh8 Nf5 35.Nd2 Nd6
36.Ne4 Nf7 37.Rg8 h3 38.Bxh3 Bxh3 39.Rxb8 h5 40.Rb7+ Kf8 41.Rxf7+ {#r} 1-0

[Event "It (open)"]
[Site "masterchessopen.com Belgrade (Serbia)"]
[Date "2010.11.25"]
[Round "2"]
[White "Abramovic Bosko (SRB)"]
[Black "Starcevic Goran (SRB)"]
[Result "1-0"]
[WhiteElo "2471"]
[BlackElo "2180"]

1.d4 Nf6 2.c4 g6 3.Nc3 Bg7 4.g3 O-O 5.Bg2 d6 6.Nf3 Nbd7 7.O-O e5 8.e4 c6 9.b3
exd4 10.Nxd4 Re8 11.h3 Nc5 12.Re1 Qa5 13.Bd2 Nfd7 14.Nde2 Qc7 15.Qc2 a5 16.Be3
Ne5 17.Rad1 f5 18.f4 Ned7 19.Nd4 Nxe4 20.Nxe4 fxe4 21.Bxe4 Nf6 22.Bg2 Bd7
23.Bf2 Nh5 24.Qd2 Bf8 25.Ne2 Be6 26.Nc3 Nf6 27.Bd4 Nd7 28.Ne4 Bf5 29.Ng5 h6
30.Nf3 Nc5 31.g4 Be6 32.Nh4 Bf7 33.Bc3 Rxe1+ 34.Rxe1 Nd7 35.Qc2 d5 36.Nxg6
Bc5+ 37.Kh1 dxc4 38.bxc4 Nf8 39.Ne5 Re8 40.Be4 Qd8 41.Nxf7 Kxf7 42.Bg6+ {#r}
1-0

[Event "It (open)"]
[Site "masterchessopen.com Bogota (Colombia)"]
[Date "2010.12.04"]
[Round "4"]
[White "Lopez Carlos Manuel (COL)"]
[Black "Hernandez Jairo (COL)"]
[Result "1-0"]
[WhiteElo "2310"]
[BlackElo "2054"]

1.d4 Nf6 2.Nf3 d6 3.c4 g6 4.g3 Bg7 5.Bg2 O-O 6.O-O Nbd7 7.Nc3 e5 8.e4 Re8 9.h3
exd4 10.Nxd4 Nc5 11.Re1 a5 12.Ndb5 h6 13.Rb1 Bd7 14.Bf4 Ne6 15.Bd2 Bc6 16.Qc2
Nd7 17.Be3 Ndc5 18.Rbd1 Qc8 19.Nd5 Bxb5 20.cxb5 Nd7 21.f4 b6 22.e5 dxe5 23.f5
Nec5 24.fxg6 e4 25.gxf7+ Kxf7 26.Nf4 Kg8 27.Nh5 Re6 28.Nxg7 Kxg7 29.Bd4+ Nf6
30.Bxe4 Nxe4 31.Rxe4 Rxe4 32.Qxe4 Qxh3 33.Qxa8 {#r} 1-0

[Event "Ch Turkey"]
[Site "masterchessopen.com Kemer (Turkey)"]
[Date "2011.02.07"]
[Round "4"]
[White "Dogan Halit (TUR)"]
[Black "Karagollu Ahmet (TUR)"]
[Result "0-1"]
[WhiteElo "1429"]
[BlackElo "2004"]

1.Nf3 Nf6 2.c4 d6 3.d4 g6 4.g3 Bg7 5.Bg2 O-O 6.O-O Nbd7 7.Nc3 e5 8.e4 c6 9.Re1
Qb6 10.h3 Re8 11.dxe5 Nxe5 12.b3 Nxf3+ 13.Qxf3 d5 14.Qd3 Nxe4 15.Bb2 Qxf2+
{#R} 0-1

[Event "Ch China"]
[Site "masterchessopen.com Xinghua Jiangsu (China)"]
[Date "2011.04.10"]
[Round "11"]
[White "Bu Xiangzhi (CHN)"]
[Black "Li Shilong (CHN)"]
[Result "1-0"]
[WhiteElo "2666"]
[BlackElo "2515"]

1.d4 Nf6 2.c4 g6 3.g3 Bg7 4.Bg2 O-O 5.Nc3 d6 6.Nf3 Nbd7 7.O-O e5 8.e4 c6 9.b3
Re8 10.h3 exd4 11.Nxd4 Nc5 12.Re1 Qb6 13.Be3 Bd7 14.Qc2 Rad8 15.Rad1 Bc8 16.a3
Qc7 17.f4 a6 18.Bf2 h5 19.Nf3 Ncd7 20.Rd2 Nf8 21.b4 b6 22.Red1 Be6 23.e5 dxe5
24.Rxd8 Rxd8 25.Rxd8 Qxd8 26.Nxe5 Qc7 27.Na4 N8d7 28.Nxc6 h4 29.gxh4 Qxf4
30.c5 bxc5 31.Nxc5 Nxc5 32.bxc5 Kh7 33.Nb4 Bf5 34.Nd3 Qc7 35.Qc4 Nh5 36.c6 Qd6
37.Be4 Be6 38.Qc5 Qc7 39.Qxh5+ {#r} 1-0

[Event "It \"]
[Site "masterchessopen.com Deizisau (Germany)"]
[Date "2011.04.21"]
[Round "1"]
[White "Greenfeld Alon (ISR)"]
[Black "Spornberger Maximilian (ITA)"]
[Result "1-0"]
[WhiteElo "2573"]
[BlackElo "2202"]

1.Nf3 g6 2.c4 Bg7 3.d4 d6 4.g3 Nf6 5.Bg2 O-O 6.O-O Nbd7 7.Nc3 e5 8.e4 exd4
9.Nxd4 Re8 10.h3 Nc5 11.Re1 a5 12.Ndb5 Nfd7 13.Be3 Ne5 14.Bf1 Be6 15.b3 a4
16.Rb1 axb3 17.axb3 f5 18.f4 Ned7 19.Bd4 fxe4 20.Bxg7 Kxg7 21.Qd4+ Nf6 22.b4
Nd3 23.Rxe4 Nxb4 24.Nxc7 Qxc7 25.Rxb4 Qd7 26.Bg2 Rab8 27.Re2 Kf7 28.Reb2 d5
29.g4 Red8 30.f5 gxf5 31.gxf5 Bxf5 32.Rb6 Ne4 33.Nxd5 Rg8 34.Rf6+ Ke8 35.Qe5+
{#r} 1-0

[Event "It (open)"]
[Site "masterchessopen.com Donostia (Spain)"]
[Date "2011.04.22"]
[Round "8"]
[White "Thomassen Joachim (NOR)"]
[Black "Prieto Aranguren Alain (ESP)"]
[Result "1-0"]
[WhiteElo "2400"]
[BlackElo "2252"]

1.d4 g6 2.c4 Bg7 3.g3 Nf6 4.Bg2 O-O 5.Nf3 d6 6.Nc3 Nbd7 7.O-O e5 8.e4 c6 9.b3
Re8 10.Re1 Qc7 11.h3 b6 12.Bb2 Bb7 13.Rc1 Rad8 14.d5 c5 15.Rf1 a6 16.Ne1 Nh5
17.Nd3 Bc8 18.Kh2 Nf8 19.Qe2 Qe7 20.Rce1 Bd7 21.f4 exf4 22.gxf4 Qh4 23.Qf3 b5
24.e5 Bf5 25.Ne4 dxe5 26.fxe5 bxc4 27.bxc4 Bxe4 28.Rxe4 Qe7 29.Re2 Nd7 30.Kg1
Rf8 31.Re4 Rb8 32.Bc3 Bh6 33.h4 Ng7 34.Bh3 Rbc8 35.Kh1 Rcd8 36.Kg2 Rc8 37.Nf2
Rce8 38.Bxd7 Qxd7 39.Ng4 {#r} 1-0

[Event "Memorial Adolf Anderssen (open)"]
[Site "masterchessopen.com Wroclaw (Poland)"]
[Date "2011.07.11"]
[Round "2"]
[White "Stachowiak Kamil (POL)"]
[Black "Zminda Bogdan (POL)"]
[Result "1-0"]
[WhiteElo "2425"]
[BlackElo "2120"]

1.d4 Nf6 2.Nf3 g6 3.c4 Bg7 4.Nc3 O-O 5.g3 d6 6.Bg2 Nbd7 7.O-O e5 8.e4 exd4
9.Nxd4 Re8 10.Re1 a5 11.h3 Nc5 12.Ndb5 Bd7 13.Bf4 Nh5 14.Be3 Bc6 15.Bxc5 dxc5
16.Qxd8 Raxd8 17.Nxc7 Bxc3 18.bxc3 Re7 19.Nd5 Ng7 20.Nxe7+ {#r} 1-0

[Event "It (open)"]
[Site "masterchessopen.com Pamplona (Spain)"]
[Date "2011.07.27"]
[Round "4"]
[White "Iturrizaga Eduardo (VEN)"]
[Black "Berbatov Kiprian (BUL)"]
[Result "1-0"]
[WhiteElo "2640"]
[BlackElo "2474"]

1.d4 Nf6 2.Nf3 g6 3.c4 Bg7 4.g3 O-O 5.Bg2 d6 6.O-O Nbd7 7.Nc3 e5 8.e4 c6 9.Be3
Ng4 10.Bg5 Bf6 11.Bxf6 Ngxf6 12.Qd2 Qe7 13.Rad1 a6 14.Rfe1 b5 15.c5 dxc5
16.Nxe5 Nxe5 17.dxe5 Qxe5 18.f4 Qe7 19.e5 Nd5 20.Bxd5 cxd5 21.Nxd5 Qa7 22.f5
c4+ 23.Kf1 Bxf5 24.Qh6 Kh8 25.g4 Bc2 26.Re2 f6 27.Rxc2 fxe5+ 28.Kg2 Rad8
29.Qg5 Qg7 30.Re2 e4 31.Qe3 Rde8 32.Qd4 {#r} 1-0

[Event "It (open)"]
[Site "masterchessopen.com Jatai (Brazil)"]
[Date "2011.07.29"]
[Round "2"]
[White "Campos Otavio Moraes (BRA)"]
[Black "Perdomo Leandro (ARG)"]
[Result "0-1"]
[WhiteElo "1823"]
[BlackElo "2387"]

1.d4 Nf6 2.Nf3 g6 3.c4 Bg7 4.Nc3 O-O 5.g3 d6 6.Bg2 Nbd7 7.O-O e5 8.e4 c6 9.Be3
Ng4 10.Bc1 f5 11.exf5 gxf5 12.dxe5 dxe5 13.Bg5 Bf6 14.Qd2 e4 15.Bxf6 Qxf6
16.Nd4 Nde5 17.b3 Rd8 18.c5 Rxd4 19.Qf4 e3 20.Qxd4 Nf3+ 21.Bxf3 Qxd4 22.Nd1
Qxa1 {#R} 0-1

[Event "Ch World (juniors) (under 20)"]
[Site "masterchessopen.com Chennai (India)"]
[Date "2011.08.07"]
[Round "6"]
[White "Grandelius Nils (SWE)"]
[Black "Rajesh V A V (IND)"]
[Result "1-0"]
[WhiteElo "2536"]
[BlackElo "2331"]

1.d4 Nf6 2.c4 g6 3.g3 Bg7 4.Bg2 O-O 5.Nc3 d6 6.Nf3 Nbd7 7.O-O e5 8.e4 c6 9.b3
Re8 10.h3 exd4 11.Nxd4 Nc5 12.Re1 a5 13.Bf4 Bf8 14.Qc2 Nfd7 15.Rad1 Qb6 16.Be3
Qc7 17.Kh2 Ne6 18.f4 Bg7 19.Nxe6 Rxe6 20.Bd4 Bf8 21.Qf2 Re8 22.Rf1 Nc5 23.e5
Bf5 24.g4 Be6 25.Kh1 b6 26.f5 Bc8 27.fxg6 hxg6 28.exd6 Bxd6 29.Qf6 {#r} 1-0

[Event "It (open)"]
[Site "masterchessopen.com Baku (Azerbaijan)"]
[Date "2011.08.14"]
[Round "9"]
[White "Magalashvili Davit (GEO)"]
[Black "Guliev Logman (AZE)"]
[Result "1-0"]
[WhiteElo "2478"]
[BlackElo "2447"]

1.c4 Nf6 2.d4 g6 3.Nf3 Bg7 4.g3 O-O 5.Bg2 d6 6.O-O Nbd7 7.Nc3 e5 8.e4 c6 9.Be3
Ng4 10.Bg5 Qb6 11.h3 exd4 12.Na4 Qa6 13.hxg4 b5 14.Be7 Re8 15.Bxd6 bxa4 16.c5
Rxe4 17.Ng5 Re5 18.Nxf7 Kxf7 19.Qf3+ Bf6 20.Rae1 Kg7 21.Qxc6 Qxc6 22.Bxc6 Ba6
23.Bxa8 Bxf1 24.Bxe5 {#r} 1-0

[Event "It \"]
[Site "masterchessopen.com Wiesbaden (Germany)"]
[Date "2011.08.25"]
[Round "1"]
[White "Fey Karl-Heinz"]
[Black "Kettner Uwe (GER)"]
[Result "0-1"]
[WhiteElo "827"]
[BlackElo "1993"]

1.Nf3 Nf6 2.g3 g6 3.Bg2 Bg7 4.d4 O-O 5.c4 d6 6.Nc3 Nbd7 7.O-O e5 8.e4 c6 9.d5
Nc5 10.Qc2 a5 11.a4 cxd5 12.cxd5 Nh5 13.h4 h6 14.Qe2 Bg4 15.Qe3 f5 16.Nh2 f4
17.Qe1 Nd3 18.Qd2 fxg3 19.Nxg4 Qxh4 20.Nxh6+ Bxh6 21.fxg3 Bxd2 22.gxh4 Rxf1+
23.Bxf1 Nxc1 24.Nb5 Rf8 25.Nxd6 Be3+ 26.Kg2 Rf2+ 27.Kg1 Rf6+ 28.Kg2 Rxd6
29.Rxc1 Bxc1 30.Be2 Nf4+ 31.Kf2 Nxe2 32.Kxe2 Bxb2 {#R} 0-1

[Event "It (open)"]
[Site "masterchessopen.com Graz (Austria)"]
[Date "2011.09.01"]
[Round "6"]
[White "Jetzl Joerg (AUT)"]
[Black "Neuschmied Siegfried (AUT)"]
[Result "0-1"]
[WhiteElo "2203"]
[BlackElo "2327"]

1.Nf3 Nf6 2.c4 g6 3.g3 Bg7 4.Bg2 O-O 5.O-O d6 6.d4 Nbd7 7.Nc3 e5 8.e4 c6 9.Rb1
Re8 10.h3 a6 11.Re1 b5 12.cxb5 cxb5 13.b4 Bb7 14.d5 Rc8 15.Rb3 Nb6 16.Bf1 Re7
17.Be3 Nc4 18.Bxc4 Rxc4 19.Nd2 Rc8 20.Kh2 Qf8 21.a4 Rec7 22.Qa1 bxa4 23.Nxa4
Nd7 24.Nb6 Nxb6 25.Bxb6 Rc2 26.Nf1 f5 27.Rf3 Qe8 28.Qa5 fxe4 29.Rxe4 Rc1
30.Kg2 Rb1 31.Rd3 Rcc1 {#R} 0-1

[Event "Tournament (team)"]
[Site "masterchessopen.com Burgos (Spain)"]
[Date "2011.10.25"]
[Round "3"]
[White "Sesma Irigoyen Francisco"]
[Black "Roiz Baztan David (ESP)"]
[Result "0-1"]
[WhiteElo "2025"]
[BlackElo "2168"]

1.d4 Nf6 2.c4 g6 3.Nc3 Bg7 4.Nf3 O-O 5.g3 d6 6.Bg2 Nbd7 7.O-O e5 8.e4 c6 9.d5
cxd5 10.cxd5 Nc5 11.Re1 a5 12.h3 Bd7 13.a4 Rc8 14.Nd2 Nd3 15.Re3 Nxc1 16.Rxc1
Bh6 17.Re2 Qb6 18.b3 Qb4 19.Na2 Qd4 20.Nf3 Qxd1+ 21.Rxd1 Rc5 22.Ne1 Rfc8
23.Nd3 Rc2 24.Rde1 b5 25.f4 bxa4 26.bxa4 Bxa4 27.fxe5 dxe5 28.Nxe5 Bb5 {#R}
0-1

[Event "Ch Germany (juniors) (team)"]
[Site "masterchessopen.com Xanten (Germany)"]
[Round "1"]
[White "Siegert Gregor (GER)"]
[Black "Keller Peter (SUI)"]
[Result "1-0"]
[WhiteElo "1761"]
[BlackElo "1881"]

1.Nf3 Nf6 2.g3 g6 3.Bg2 Bg7 4.O-O O-O 5.d4 d6 6.c4 Nbd7 7.Nc3 e5 8.e4 c6 9.b3
Qa5 10.Bb2 Re8 11.Re1 Qb6 12.d5 c5 13.Bh3 Rf8 14.Qe2 Ne8 15.Rf1 Qd8 16.Rae1
Bh6 17.Nd1 Ng7 18.Ne3 f5 19.exf5 gxf5 20.Nh4 Bxe3 21.fxe3 Qg5 22.Qc2 Nb6
23.Rf3 f4 24.exf4 Rxf4 25.Rxf4 exf4 26.Nf3 Qh5 27.Qc3 Qf7 28.Re8+ {#r} 1-0

[Event "Ch Slovakia (team) 2011/12 (2 liga) (c)"]
[Site "masterchessopen.com Slovakia"]
[Date "2011.12.03"]
[Round "5"]
[White "Gregor Jozef (SVK)"]
[Black "Jelen Peter (SVK)"]
[Result "0-1"]
[WhiteElo "2045"]
[BlackElo "2193"]

1.c4 Nf6 2.Nc3 g6 3.g3 Bg7 4.Bg2 O-O 5.d4 d6 6.e4 Nbd7 7.Nf3 e5 8.O-O c6 9.d5
cxd5 10.cxd5 b5 11.Nxb5 Ba6 12.a4 Nxe4 13.Re1 f5 14.Nd2 Nxd2 15.Bxd2 Nc5
16.Bb4 e4 17.Bc3 Nd3 18.Bxg7 Kxg7 19.Nd4 Qb6 20.Ne6+ Kg8 21.Re2 Rfc8 22.Qd2
Rab8 23.Qh6 Rb7 24.h4 Rf7 25.h5 Ne5 26.hxg6 hxg6 27.Rd2 Qb4 28.Rad1 Qxa4 29.g4
e3 30.Qxe3 Qxg4 31.Rd4 Qh5 32.Qa3 Be2 33.Nf4 Nf3+ 34.Bxf3 Qxf3 35.Nxe2 Qxe2
36.Qxd6 Rc2 37.Qg3 f4 38.Qg2 f3 39.Qg4 Qxf2+ {#R} 0-1

[Event "It \"]
[Site "masterchessopen.com Podgorica (Montenegro)"]
[Date "2011.12.19"]
[Round "9"]
[White "Blagojevic Dragisa (MNE)"]
[Black "Pancevski Filip (MKD)"]
[Result "1-0"]
[WhiteElo "2514"]
[BlackElo "2442"]

1.d4 g6 2.c4 Bg7 3.Nf3 d6 4.g3 Nf6 5.Bg2 O-O 6.O-O Nbd7 7.Nc3 e5 8.e4 c6 9.b3
Re8 10.h3 a6 11.d5 cxd5 12.cxd5 Nc5 13.Re1 a5 14.Ba3 b6 15.Nd2 Rf8 16.Nc4 Ba6
17.Bxc5 bxc5 18.Qd2 Bc8 19.Na4 Ra6 20.a3 Nd7 21.b4 axb4 22.axb4 cxb4 23.Qxb4
f5 24.exf5 gxf5 25.Rab1 Qf6 26.Ncb6 Nxb6 27.Nxb6 e4 28.Rec1 Rxb6 29.Qxb6 f4
30.gxf4 Bh6 31.Rc4 Bf5 32.Qe3 Bg6 33.Bxe4 Bxf4 34.Qe2 Re8 35.Rbb4 Re5 36.Kf1
Bh5 37.Qd3 Bh6 38.Rb8+ Bf8 39.Rcc8 {#r} 1-0